000 00533nam a2200169 i 4500
001 33030
003 ES-MaACL
005 20230906154701.0
007 t|
008 030201s1969 sp ||||1| spa d
100 1 _aBertsch, Ludwig.
_928540
245 1 0 _aPenitencia y confesión
_b: modernas reflexiones teológicas y pastorales /
_cLudwig Bertsch ; [traducción por José Cosgaya].
260 _aMadrid :
_bFax,
_c[1969]
300 _a178 p. ;
_c20 cm.
700 1 _aCosgaya, José.
_940993
852 _aES-MaACL
_jC-49904
_bR.72120
999 _c33030
_d33030